a study the kinds of weed on rice crop and weed control by farmers in kompong chinang province(សិក្សាអំពីប្រភេទរុក្ខជាតិចង្រៃនៅលើដំណាំស្រូវ រួមទាំងវិធានការកំចាត់របស់កសិករក្នុងខេត្តកំពង់ឆ្នាំង) (Record no. 793)

000 -LEADER
fixed length control field 00739nam a22001577a 4500
003 - CONTROL NUMBER IDENTIFIER
control field OSt
005 - DATE AND TIME OF LATEST TRANSACTION
control field 20150919094231.0
008 - FIXED-LENGTH DATA ELEMENTS--GENERAL INFORMATION
fixed length control field 150919b xxu||||| |||| 00| 0 eng d
040 ## - CATALOGING SOURCE
Transcribing agency RUA
082 ## - DEWEY DECIMAL CLASSIFICATION NUMBER
Classification number AGR NOY 2004 B030 Or.1
100 ## - MAIN ENTRY--PERSONAL NAME
9 (RLIN) 824
Personal name NOY, SOPHOIN.
245 ## - TITLE STATEMENT
Title a study the kinds of weed on rice crop and weed control by farmers in kompong chinang province(សិក្សាអំពីប្រភេទរុក្ខជាតិចង្រៃនៅលើដំណាំស្រូវ រួមទាំងវិធានការកំចាត់របស់កសិករក្នុងខេត្តកំពង់ឆ្នាំង)
260 ## - PUBLICATION, DISTRIBUTION, ETC. (IMPRINT)
Place of publication, distribution, etc. Phnom Penh
Name of publisher, distributor, etc. RUA
Date of publication, distribution, etc. 2004
300 ## - PHYSICAL DESCRIPTION
Extent 60p.
Other physical details ill.
Dimensions 29cm.
942 ## - ADDED ENTRY ELEMENTS (KOHA)
Source of classification or shelving scheme
Koha item type AGR
Holdings
Price effective from Date last seen Permanent Location Not for loan Date acquired Source of classification or shelving scheme Koha item type Lost status Withdrawn status Date last checked out Total Checkouts Shelving location Damaged status Barcode Current Location Full call number
2015-09-192015-09-19Library Block B 2015-09-19 AGR    B030 RUA001095Library Block BAGR NOY 2004 B030 Or.1
2015-09-192018-07-11Library Block B 2015-09-19 AGR  2018-06-191B030 RUA001239Library Block BAGR NOY 2004 B030 Or.2
2015-09-272017-02-24Library Block B 2015-09-27 AGR  2017-02-031B030 RUA018923Library Block BAGR NOY 2004 B030 Or.4
មជ្ឈមណ្ឌលឯការនៃសាកលវិទ្យាល័យភូមិន្ទកសិកម្មចំការដូង

Powered by Koha